[Event "DRUGA LIGA CENTRALNE SRBIJE 2012 - Istok"]
[Site "Pozarevac, Hotel DUNAV"]
[Date "2012.09.15"]
[Round "3.11"]
[White "Delchev, Aleksander"]
[Black "Raicevic, Ivica"]
[Result "1-0"]
[WhiteElo "2596"]
[BlackElo "2274"]
[PlyCount "0"]
[EventDate "2012.09.14"]

1.Nf3 e6 2.g3 b6 3.Bg2 Bb7 4.O-O c5 5.c4 Nf6 6.Nc3 d6 7.d4 cxd4
8.Nxd4 Bxg2 9.Kxg2 a6 10.Bg5 Nbd7 11.Qa4 Qc7 12.Bxf6 gxf6 13.f4
f5 14.e4 Bg7 15.Rad1 Qb7 16.Qc6 Qxc6 17.Nxc6 Rc8 18.Rxd6 Bf8
19.Rxd7 Kxd7 20.Ne5+ Ke8 21.exf5 f6 22.Ng4 exf5 23.Ne3 Kf7 24.Rd1
Be7 25.Ncd5 Rhd8 26.b3 b5 27.Nxf5 Bf8 28.Nfe3 bxc4 29.Nxc4 Rc5
30.Nde3 Rxd1 31.Nxd1 Rd5 32.Nde3 Rd3 33.Kf3 Bc5 34.Ke2 Rd8 35.Nf5
Re8+ 36.Kf1 Rd8 37.Ke2 Ke6 38.g4 Kf7 39.h4 Rd7 40.h5 Ke6 41.a3
a5 42.Nxa5 Bxa3 43.Nc4 Bc1 44.Kf3 Rd1 45.Ke4 Re1+ 1-0

[Event "DRUGA LIGA CENTRALNE SRBIJE 2012 - Istok"]
[Site "Pozarevac, Hotel DUNAV"]
[Date "2012.09.15"]
[Round "3.12"]
[White "Dmitrovic, Tomislav"]
[Black "Trickovic, Borivoje"]
[Result "0-1"]
[WhiteElo "2258"]
[BlackElo "2240"]
[PlyCount "0"]
[EventDate "2012.09.14"]

1.c4 d6 2.Nc3 e5 3.g3 Nf6 4.Bg2 c6 5.d4 Nbd7 6.e4 exd4 7.Qxd4
Nc5 8.Nge2 Be7 9.O-O O-O 10.h3 a5 11.Be3 Qc7 12.g4 Re8 13.Ng3
Bf8 14.f4 Nfd7 15.Rad1 a4 16.Nf5 Nf6 17.Bf2 Bxf5 18.exf5 Nfd7
19.Rfe1 Qa5 20.g5 Qb4 21.Nb1 Nb6 22.Na3 Rad8 23.Re3 Rxe3 24.Bxe3
Nbd7 25.Bd2 Qb6 26.Re1 Nd3 27.Qxb6 Nxb6 28.Re2 Nd7 29.Kh2 Ra8
30.Re3 N7c5 31.Bf3 Nxf4 32.Kg3 Nfd3 0-1

[Event "DRUGA LIGA CENTRALNE SRBIJE 2012 - Istok"]
[Site "Pozarevac, Hotel DUNAV"]
[Date "2012.09.15"]
[Round "3.13"]
[White "Mincic, Srbislav"]
[Black "Markovic, Marko"]
[Result "0-1"]
[WhiteElo "2269"]
[BlackElo "2292"]
[PlyCount "0"]
[EventDate "2012.09.14"]

1.e4 d5 2.d3 dxe4 3.dxe4 Qxd1+ 4.Kxd1 Nc6 5.Be3 Nf6 6.f3 Bd7
7.c3 O-O-O 8.Nd2 e6 9.Kc2 Be7 10.Rd1 Ne8 11.Nh3 h6 12.Nf2 g5
13.Nb3 Nd6 14.Be2 Kb8 15.Rhe1 b6 16.Bd3 Ne5 17.Bf1 Ndc4 18.Bd4
c5 19.Bxe5+ Nxe5 20.Nd3 Nxd3 21.Bxd3 Ba4 22.Kb1 Rd7 23.Kc1 Rhd8
24.Bc2 Bb5 25.Rxd7 Rxd7 26.Rd1 Bd6 27.g3 Kc7 28.Nd2 h5 29.c4
Ba6 30.b3 Rd8 31.Nf1 h4 32.Rd2 Rh8 33.Bd3 Bb7 34.Rg2 f6 35.g4
Bf4+ 36.Kd1 Kd6 37.h3 Ke5 38.Kc2 Rd8 39.Kc3 Ba6 40.a4 Rd6 41.Ra2
Rd7 42.Ra1 Rd6 43.Ra2 Bb7 44.Ra1 a5 45.Rd1 Bg3 46.Be2 Rxd1 47.Bxd1
Kf4 48.Kd3 Bf2 49.Ke2 Bd4 0-1

[Event "DRUGA LIGA CENTRALNE SRBIJE 2012 - Istok"]
[Site "Pozarevac, Hotel DUNAV"]
[Date "2012.09.15"]
[Round "3.14"]
[White "Trifunovic, Miroljub"]
[Black "Petrov, Georgi"]
[Result "1/2-1/2"]
[WhiteElo "2258"]
[BlackElo "2190"]
[PlyCount "0"]
[EventDate "2012.09.14"]

1.d4 d5 2.Nf3 Nf6 3.c4 e6 4.Nc3 Be7 5.cxd5 exd5 6.Bg5 c6 7.e3
Bf5 8.Bd3 Bxd3 9.Qxd3 O-O 10.O-O Nbd7 11.Rab1 a5 12.a3 a4 13.Qc2
Qa5 14.Ne5 Rfe8 15.f4 Nf8 16.Rf3 Ne4 17.Bxe7 Rxe7 18.Nxe4 dxe4
19.Rf2 Qd5 20.Rc1 Nd7 21.Nxd7 Rxd7 22.f5 f6 23.Qc4 Ra5 24.g4
Kf7 25.Kg2 Qxc4 26.Rxc4 Rdd5 27.Kg3 g6 28.fxg6+ hxg6 29.Kf4 f5
30.Rb4 Rdb5 31.Rxb5 Rxb5 32.Kg5 Ke6 33.gxf5+ gxf5 34.h4 Rb3 35.Kf4
Rd3 36.Rg2 Rd1 37.Rg6+ Kd5 38.Rf6 Rf1+ 39.Kg5 Kc4 40.Rxf5 Rg1+
41.Kf4 Kd3 42.Rg5 Rf1+ 43.Ke5 Kxe3 44.Rg4 Rf2 45.Rxe4+ Kd3 46.d5
cxd5 47.Kxd5 Rf5+ 48.Re5 Rf2 49.Rg5 Kc2 50.Rg4 Kxb2 51.Rxa4 Kb3
52.Rb4+ Kxa3 53.Rxb7 Rf5+ 1/2-1/2

[Event "DRUGA LIGA CENTRALNE SRBIJE 2012 - Istok"]
[Site "Pozarevac, Hotel DUNAV"]
[Date "2012.09.15"]
[Round "3.15"]
[White "Dimitrijevic, Dusan *"]
[Black "Zafirovski, Mite"]
[Result "0-1"]
[WhiteElo "1984"]
[BlackElo "2247"]
[PlyCount "0"]
[EventDate "2012.09.14"]

1.d4 Nf6 2.c4 e6 3.g3 d5 4.Bg2 Be7 5.Nf3 O-O 6.O-O dxc4 7.Qc2
a6 8.Qxc4 b5 9.Qc2 Bb7 10.Bg5 Be4 11.Qc1 Nbd7 12.Nbd2 Bd5 13.Nb3
h6 14.Bxf6 Bxf6 15.Rd1 Rc8 16.Ne5 Bxg2 17.Kxg2 Bxe5 18.dxe5 Qe7
19.Qc3 c5 20.a4 c4 21.Nd2 Nb6 22.axb5 axb5 23.Ne4 Na4 24.Qa5
Qb7 25.f3 Ra8 26.Qb4 Rab8 27.Nd6 Qc6 28.b3 cxb3 29.Rac1 Qa6 30.Qxb3
b4 31.Rd2 Nc3 32.Kf2 Qb6+ 33.e3 Qc5 34.Qc2 Qxe5 35.Rd4 Nd5 36.Nc4
Qc7 37.Nd2 Qb6 38.Qb3 Ra8 39.Nc4 Qa7 40.Rcd1 Qc5 41.Nd2 Ra3 42.Qc4
Qa7 43.Re1 Rc3 44.Qb5 Rb8 45.Ra1 Qc7 46.Qa5 Qe5 47.Re4 Qh5 48.Rh4
Qg5 0-1

[Event "DRUGA LIGA CENTRALNE SRBIJE 2012 - Istok"]
[Site "Pozarevac, Hotel DUNAV"]
[Date "2012.09.15"]
[Round "3.16"]
[White "Lazovic, Bozidar **"]
[Black "Kostic, Aleksandar *"]
[Result "0-1"]
[WhiteElo "1810"]
[BlackElo "1981"]
[PlyCount "0"]
[EventDate "2012.09.14"]

1.Nf3 Nf6 2.g3 b6 3.Bg2 Bb7 4.O-O e6 5.d3 Be7 6.Nbd2 d5 7.Re1
O-O 8.e4 dxe4 9.dxe4 Nxe4 10.Ne5 Nxf2 11.Qe2 Bxg2 12.Kxg2 Bc5
13.Nb3 Qd5+ 14.Qf3 f6 15.Nxc5 bxc5 16.c4 Qxf3+ 17.Nxf3 Nd3 18.Rxe6
Kf7 19.Re2 Nc6 20.b3 Nxc1 21.Rxc1 Rad8 22.Nd2 Rfe8 23.Rf2 Nb4
24.Rd1 Nd3 25.Nf1 Nxf2 26.Rxd8 Rxd8 0-1

[Event "DRUGA LIGA CENTRALNE SRBIJE 2012 - Istok"]
[Site "Pozarevac, Hotel DUNAV"]
[Date "2012.09.15"]
[Round "3.17"]
[White "Randjelovic, Boban"]
[Black "Turudic, Nenad"]
[Result "1/2-1/2"]
[WhiteElo "2143"]
[BlackElo "2201"]
[PlyCount "0"]
[EventDate "2012.09.14"]

1.c4 c5 2.Nc3 Nc6 3.g3 g6 4.Bg2 Bg7 5.Nf3 e5 6.O-O Nge7 7.a3
a5 8.Ne1 d6 9.Nc2 h5 10.h4 Bg4 11.Ne3 Rb8 12.d3 1/2-1/2

[Event "DRUGA LIGA CENTRALNE SRBIJE 2012 - Istok"]
[Site "Pozarevac, Hotel DUNAV"]
[Date "2012.09.15"]
[Round "3.18"]
[White "Popovic, Branislav **"]
[Black "Kostic, Stefan **"]
[Result "1/2-1/2"]
[WhiteElo "1789"]
[BlackElo "1972"]
[PlyCount "0"]
[EventDate "2012.09.14"]

1.d4 d5 2.Bf4 Nf6 3.e3 c6 4.Nd2 e6 5.Bd3 Bd6 6.Bg3 Bxg3 7.hxg3
Nbd7 8.Ngf3 Qc7 9.c3 e5 10.dxe5 Nxe5 11.Nxe5 Qxe5 12.Qc2 g6 13.O-O-O
Nd7 14.e4 O-O 15.f4 Qd6 16.Nf3 Nc5 17.exd5 cxd5 18.Nd4 a6 19.Rde1
Bd7 20.Re3 b5 21.Kb1 b4 22.cxb4 Nxd3 23.Rxd3 Qxb4 24.Qd2 Qb6
25.Rb3 Qf6 26.Re1 Rfe8 27.Rbe3 Rec8 28.Re5 Rc5 29.Rc1 Qb6 30.Rxc5
Qxc5 31.Qc3 Qd6 32.Qa5 Be6 33.Qe1 Bd7 34.Qa5 Be6 35.Qe1 Bd7 1/2-1/2

[Event "DRUGA LIGA CENTRALNE SRBIJE 2012 - Istok"]
[Site "Pozarevac, Hotel DUNAV"]
[Date "2012.09.15"]
[Round "3.21"]
[White "Dimitrijevic, Srdjan"]
[Black "Devetak, Dusan"]
[Result "1-0"]
[WhiteElo "2295"]
[BlackElo "2156"]
[PlyCount "0"]
[EventDate "2012.09.14"]

1.d4 Nf6 2.c4 g6 3.Nc3 d5 4.Nf3 Bg7 5.cxd5 Nxd5 6.e4 Nxc3 7.bxc3
c5 8.Rb1 O-O 9.Be2 Nc6 10.d5 Bxc3+ 11.Bd2 Bxd2+ 12.Qxd2 Na5 13.h4
h5 14.Qh6 f6 15.Qxg6+ Kh8 16.Ng5 fxg5 17.hxg5 1-0

[Event "DRUGA LIGA CENTRALNE SRBIJE 2012 - Istok"]
[Site "Pozarevac, Hotel DUNAV"]
[Date "2012.09.15"]
[Round "3.22"]
[White "Dodic, Dragan"]
[Black "Stankovic, Ivan G *"]
[Result "0-1"]
[WhiteElo "2140"]
[BlackElo "2217"]
[PlyCount "0"]
[EventDate "2012.09.14"]

1.d4 g6 2.c4 Bg7 3.Nc3 d6 4.e4 Nd7 5.Nf3 e5 6.d5 Ne7 7.Bd3 h6
8.Be3 f5 9.g3 Nf6 10.h3 O-O 11.Nh4 c6 12.f3 f4 13.gxf4 exf4 14.Bf2
cxd5 15.cxd5 Nd7 16.Qd2 Ne5 17.Be2 a6 18.O-O-O b5 19.a3 Bd7 20.Ng2
g5 21.Ne1 Rb8 22.Nc2 a5 23.b4 axb4 24.axb4 Qc7 25.Bd4 N7g6 26.Kb2
Nh4 27.Bxe5 Bxe5 28.Rh2 Rfc8 29.Nd4 Qa7 30.Nc6 Bxc6 31.dxc6 Qa4
32.Qd5+ Kh7 33.Rd4 Qa7 34.Rd3 Qg1 35.Qf7+ Bg7 36.Rxd6 Qxh2 37.e5
Rd8 0-1

[Event "DRUGA LIGA CENTRALNE SRBIJE 2012 - Istok"]
[Site "Pozarevac, Hotel DUNAV"]
[Date "2012.09.15"]
[Round "3.23"]
[White "Zivkovic, Nemanja **"]
[Black "Vlajic, Sasa"]
[Result "1-0"]
[WhiteElo "2212"]
[BlackElo "2170"]
[PlyCount "0"]
[EventDate "2012.09.14"]

1.c4 Nf6 2.Nc3 c5 3.g3 g6 4.Bg2 Bg7 5.Nf3 O-O 6.O-O Nc6 7.d4
cxd4 8.Nxd4 Nxd4 9.Qxd4 d6 10.Qd2 Rb8 11.b3 Be6 12.Bb2 Qd7 13.Rfd1
Bh3 14.Rac1 Bxg2 15.Kxg2 b6 16.f3 h5 17.Nd5 Nxd5 18.Bxg7 Kxg7
19.cxd5 Rfc8 20.Rc3 f6 21.Rdc1 Rxc3 22.Qxc3 Rb7 23.Qc6 Kf7 24.b4
b5 25.Qc3 g5 26.Qc2 Kg7 27.h4 Rb8 28.hxg5 fxg5 29.Rh1 Rc8 30.Qd3
Qe8 31.Qf5 1-0

[Event "DRUGA LIGA CENTRALNE SRBIJE 2012 - Istok"]
[Site "Pozarevac, Hotel DUNAV"]
[Date "2012.09.15"]
[Round "3.25"]
[White "Trickovic, Vladimir *"]
[Black "Floricelovic, Milos *"]
[Result "1/2-1/2"]
[WhiteElo "2101"]
[BlackElo "2042"]
[PlyCount "0"]
[EventDate "2012.09.14"]

1.d4 d5 2.Bf4 e6 3.e3 f5 4.Nf3 Nf6 5.c3 c6 6.Nbd2 Bd6 7.Ne5 O-O
8.Bd3 Qe7 9.Ndf3 Nbd7 10.Bg5 Qe8 11.Bf4 Ne4 12.Nxd7 1/2-1/2

[Event "DRUGA LIGA CENTRALNE SRBIJE 2012 - Istok"]
[Site "Pozarevac, Hotel DUNAV"]
[Date "2012.09.15"]
[Round "3.26"]
[White "Vukas, Radenko"]
[Black "Jovanovic, Boban"]
[Result "1/2-1/2"]
[WhiteElo "2164"]
[BlackElo "2174"]
[PlyCount "0"]
[EventDate "2012.09.14"]

1.e4 c6 2.Nc3 g6 3.g3 d6 4.Bg2 h5 5.Nf3 Bg4 6.h3 Bxf3 7.Bxf3
Nd7 8.d4 Bh6 9.Bxh6 Rxh6 10.Qe2 Qa5 11.O-O-O O-O-O 12.Kb1 h4
13.g4 g5 14.Bg2 e5 15.Qd2 Rg6 16.Rhe1 1/2-1/2

[Event "DRUGA LIGA CENTRALNE SRBIJE 2012 - Istok"]
[Site "Pozarevac, Hotel DUNAV"]
[Date "2012.09.15"]
[Round "3.32"]
[White "Petrovic, Dragan R"]
[Black "Komnenic, Branko"]
[Result "1/2-1/2"]
[WhiteElo "2197"]
[BlackElo "2295"]
[PlyCount "0"]
[EventDate "2012.09.14"]

1.d4 c5 2.d5 g6 3.c4 Bg7 4.Nc3 Bxc3+ 5.bxc3 f5 6.Nf3 Nf6 7.g3
Qa5 8.Qb3 d6 9.Bg2 Nbd7 10.O-O Nb6 11.Nd2 Bd7 12.Re1 O-O-O 13.Rb1
e6 14.e4 fxe4 15.Nxe4 Ba4 16.Qb2 Nxe4 17.Rxe4 e5 18.Bg5 Rde8
19.f4 exf4 20.Bxf4 Rxe4 21.Bxe4 Qa6 22.Bd3 Rd8 23.h4 Bd7 24.Qb3
Bf5 25.Bxf5+ gxf5 26.Qc2 Qxc4 27.Qxf5+ Rd7 28.Bxd6 Qxd5 29.Qxd5
Nxd5 30.Bxc5 Nxc3 31.Rb3 Nxa2 32.Bxa7 1/2-1/2

[Event "DRUGA LIGA CENTRALNE SRBIJE 2012 - Istok"]
[Site "Pozarevac, Hotel DUNAV"]
[Date "2012.09.15"]
[Round "3.34"]
[White "Kraguljac, Pero"]
[Black "Illijin, Neboisa"]
[Result "1-0"]
[WhiteElo "2133"]
[BlackElo "2168"]
[PlyCount "0"]
[EventDate "2012.09.14"]

1.Nf3 Nf6 2.g3 b6 3.Bg2 Bb7 4.d3 d5 5.O-O Nbd7 6.Nbd2 e5 7.c4
Bd6 8.cxd5 Bxd5 9.Nc4 O-O 10.Nxd6 cxd6 11.b3 a5 12.Ba3 Qe7 13.e4
Bb7 14.d4 Rfd8 15.Re1 b5 16.dxe5 Nxe5 17.Nd4 b4 18.Bb2 Ba6 19.Nf5
Qf8 20.Bd4 g6 21.Ne3 Nfd7 22.Nd5 Bb7 23.f4 Nc6 24.Bb2 f6 1-0

[Event "DRUGA LIGA CENTRALNE SRBIJE 2012 - Istok"]
[Site "Pozarevac, Hotel DUNAV"]
[Date "2012.09.15"]
[Round "3.35"]
[White "Stefanovic, Vladimir"]
[Black "Colic, Nikola"]
[Result "0-1"]
[WhiteElo "2162"]
[BlackElo "2210"]
[PlyCount "0"]
[EventDate "2012.09.14"]

1.c4 f5 2.g3 Nf6 3.Bg2 g6 4.Nc3 Bg7 5.Nf3 O-O 6.O-O d6 7.d4 Qe8
8.d5 Na6 9.Nd4 Bd7 10.b3 c5 11.dxc6 bxc6 12.Bb2 Rc8 13.Re1 Qf7
14.Qc2 d5 15.Nf3 Ne4 16.Rad1 Nb4 17.Qc1 Nxc3 18.Bxc3 Nxa2 19.Bxg7
Nxc1 20.Bxf8 Kxf8 21.Rxc1 Qf6 22.Red1 e5 23.cxd5 cxd5 24.Rxc8+
Bxc8 25.Rxd5 e4 26.Ne5 Ke7 27.f4 Qb6+ 28.Kf1 Be6 29.Ra5 Kd6 30.Ra2
Qxb3 31.Ra6+ Kc5 32.Rxa7 Kd4 33.Kf2 Qe3+ 34.Kf1 Qc1+ 0-1

[Event "DRUGA LIGA CENTRALNE SRBIJE 2012 - Istok"]
[Site "Pozarevac, Hotel DUNAV"]
[Date "2012.09.15"]
[Round "3.36"]
[White "Arandjelovic, Aleksandar Z"]
[Black "Ivic, Matija **"]
[Result "1-0"]
[WhiteElo "1962"]
[BlackElo "1877"]
[PlyCount "0"]
[EventDate "2012.09.14"]

1.d4 c5 2.d5 Nf6 3.c4 b5 4.cxb5 a6 5.Nc3 g6 6.e4 d6 7.Nf3 Bg7
8.Bf4 O-O 9.Bd3 Nbd7 10.O-O Ng4 11.Nd2 Nge5 12.Be2 axb5 13.a4
bxa4 14.Rxa4 Rb8 15.Qc2 Nb6 16.Ra7 Rb7 17.Ra3 f5 18.Bxe5 Bxe5
19.Nf3 Bg7 20.Ba6 Rb8 21.Bxc8 Qxc8 22.Nb5 Qd7 23.Na7 fxe4 24.Qxe4
Bxb2 25.Rb3 Qxa7 26.Rxb2 Nc8 27.Rxb8 Qxb8 28.Rb1 Qc7 29.Qe6+
Kh8 30.Ng5 Rf5 31.h4 Nb6 32.Rxb6 Qxb6 33.Qxe7 1-0

[Event "DRUGA LIGA CENTRALNE SRBIJE 2012 - Istok"]
[Site "Pozarevac, Hotel DUNAV"]
[Date "2012.09.15"]
[Round "3.37"]
[White "Ivanovic, Zoran M"]
[Black "Stojkovic, Zoran"]
[Result "1/2-1/2"]
[WhiteElo "2111"]
[BlackElo "1962"]
[PlyCount "0"]
[EventDate "2012.09.14"]

1.e4 d6 2.d4 Nf6 3.Nc3 g6 4.Bc4 Bg7 5.Nge2 O-O 6.h3 Nxe4 7.Nxe4
d5 8.Bd3 dxe4 9.Bxe4 e5 10.dxe5 Qxd1+ 11.Kxd1 Bxe5 12.c3 Nd7
13.Be3 Nf6 14.Bd3 b6 15.Kc2 Bb7 16.Rhg1 c5 17.f4 Bc7 18.g4 Rfe8
19.Bd2 Rad8 20.Ng3 Re7 21.Rad1 Red7 22.Bc1 Bf3 23.Be2 Rxd1 24.Rxd1
Rxd1 25.Kxd1 Bg2 26.Bc4 Bxh3 27.g5 Bg4+ 28.Ke1 Nh5 29.Nxh5 Bxh5
30.Kf2 Kg7 31.b4 Bd6 32.a3 f6 33.Ke3 1/2-1/2

[Event "DRUGA LIGA CENTRALNE SRBIJE 2012 - Istok"]
[Site "Pozarevac, Hotel DUNAV"]
[Date "2012.09.15"]
[Round "3.38"]
[White "Todorovic, Nenad I **"]
[Black "Ljuboja, Ognjen **"]
[Result "1-0"]
[WhiteElo "2061"]
[BlackElo "1789"]
[PlyCount "0"]
[EventDate "2012.09.14"]

1.e4 e5 2.Nf3 Nc6 3.d4 exd4 4.Nxd4 g6 5.c4 Bg7 6.Be3 Nf6 7.Nc3
d6 8.Be2 O-O 9.O-O Bd7 10.Qd2 Nxd4 11.Bxd4 Bc6 12.f3 a5 13.b3
Nd7 14.Be3 Nc5 15.Rab1 Qd7 16.Rfc1 Rfe8 17.Rc2 h5 18.a4 Qd8 19.Bf2 1-0

[Event "DRUGA LIGA CENTRALNE SRBIJE 2012 - Istok"]
[Site "Pozarevac, Hotel DUNAV"]
[Date "2012.09.15"]
[Round "3.42"]
[White "Djokic, Nebojsa"]
[Black "Jakovljevic, Dejan"]
[Result "1-0"]
[WhiteElo "2159"]
[BlackElo "1930"]
[PlyCount "0"]
[EventDate "2012.09.14"]

1.e4 e6 2.d4 d5 3.Nc3 Bb4 4.e5 c5 5.a3 Bxc3+ 6.bxc3 Ne7 7.Qg4
Qc7 8.Qxg7 Rg8 9.Qxh7 cxd4 10.Ne2 Nbc6 11.f4 Bd7 12.Qd3 dxc3
13.Qxc3 O-O-O 14.Rb1 Nf5 15.Rg1 Na5 16.Qxc7+ Kxc7 17.g4 Nh4 18.Rg3
Ba4 19.Rb4 Bd7 20.Nd4 a6 21.Be3 b5 22.Kf2 Nc4 23.Bc1 Rdf8 24.g5
Rh8 25.Rh3 Rfg8 26.Rbb3 Na5 27.Rbg3 Nc6 28.Nf3 Nxf3 29.Rxf3 Nd4
30.Rc3+ Bc6 31.Rxh8 Rxh8 32.Rh3 Rxh3 33.Bxh3 Nxc2 34.Bf1 Kd7
35.h4 Ke7 36.Bd3 Nd4 37.Be3 Nf5 38.Bxf5 1-0

[Event "DRUGA LIGA CENTRALNE SRBIJE 2012 - Istok"]
[Site "Pozarevac, Hotel DUNAV"]
[Date "2012.09.15"]
[Round "3.43"]
[White "Ilic, Vladan"]
[Black "Djukic, Slobodan D"]
[Result "0-1"]
[WhiteElo "2113"]
[BlackElo "2187"]
[PlyCount "0"]
[EventDate "2012.09.14"]

1.e4 c5 2.Nf3 Nc6 3.c3 d5 4.exd5 Qxd5 5.d4 cxd4 6.cxd4 e6 7.Nc3
Bb4 8.Be3 Nf6 9.Bd3 O-O 10.O-O Bxc3 11.bxc3 b6 12.Re1 Bb7 13.Bg5
h6 14.Bxf6 gxf6 15.Be4 Qh5 16.Nd2 Qxd1 17.Raxd1 f5 18.Bf3 Na5
19.Bxb7 Nxb7 20.Re3 Kg7 21.Rg3+ Kf6 22.Rh3 Rh8 23.Nf3 Nd6 24.Ne5
Rac8 25.Rdd3 Rc7 26.f4 Ne4 27.c4 Kg7 28.d5 exd5 29.Rxd5 f6 30.Nd3
Rxc4 31.Rxf5 Rd8 32.Ne1 Rd2 33.Rfh5 Rc1 34.Re3 Nc5 35.a3 Nd3
36.Kf1 Rdd1 37.Rxd3 Rxd3 38.Ke2 Rxa3 0-1

[Event "DRUGA LIGA CENTRALNE SRBIJE 2012 - Istok"]
[Site "Pozarevac, Hotel DUNAV"]
[Date "2012.09.15"]
[Round "3.44"]
[White "Ilic, Aleksandar"]
[Black "Marinovic, Nebojsa"]
[Result "1-0"]
[WhiteElo "2110"]
[BlackElo "2175"]
[PlyCount "0"]
[EventDate "2012.09.14"]

1.e4 b6 2.d4 Bb7 3.Nc3 e6 4.Be3 Nf6 5.f3 d5 6.e5 Nfd7 7.f4 c5
8.Nf3 Nc6 9.Ne2 Ba6 10.c3 Bxe2 11.Bxe2 Qc7 12.O-O g6 13.Rc1 c4
14.Qe1 b5 15.Qg3 Ne7 16.Bd2 Nb6 17.Bd1 a5 18.a3 h5 19.Bc2 a4
20.Ng5 Bh6 21.Rf3 Nd7 22.Rcf1 Nf8 23.Qe1 Bxg5 24.fxg5 Nf5 25.h3
h4 26.Rf4 Qe7 27.Rg4 O-O-O 28.Rff4 1-0

[Event "DRUGA LIGA CENTRALNE SRBIJE 2012 - Istok"]
[Site "Pozarevac, Hotel DUNAV"]
[Date "2012.09.15"]
[Round "3.46"]
[White "Mickovic, Slavisa"]
[Black "Madic, Zivko"]
[Result "1-0"]
[WhiteElo "2093"]
[BlackElo "2110"]
[PlyCount "0"]
[EventDate "2012.09.14"]

1.d4 Nf6 2.c4 g6 3.Nc3 Bg7 4.e4 d6 5.f3 O-O 6.Be3 e5 7.Nge2 a6
8.d5 Nbd7 9.Nc1 Nh5 10.Nd3 f5 11.Qd2 f4 12.Bf2 Rb8 13.c5 Rf7
14.O-O-O Bf8 15.cxd6 cxd6 16.Kb1 b5 17.Nb4 Bb7 18.Nc6 Bxc6 19.dxc6
Ndf6 20.Nd5 Nxd5 21.exd5 Nf6 22.Bh4 Qb6 23.Bxf6 Rxf6 24.Bd3 Be7
25.Be4 Bd8 26.g4 Qa7 27.g5 Rf7 28.h4 Rg7 29.Qg2 Qe7 30.Qh3 Bb6
31.Rd2 Qe8 32.h5 gxh5 33.Qxh5 Qxh5 34.Rxh5 Re8 35.Rdh2 Rc7 1-0

[Event "DRUGA LIGA CENTRALNE SRBIJE 2012 - Istok"]
[Site "Pozarevac, Hotel DUNAV"]
[Date "2012.09.15"]
[Round "3.51"]
[White "Nikolic, Stanimir"]
[Black "Dinic, Dragan"]
[Result "0-1"]
[WhiteElo "2263"]
[BlackElo "2314"]
[PlyCount "0"]
[EventDate "2012.09.14"]

1.d4 Nf6 2.c4 g6 3.Nc3 d5 4.cxd5 Nxd5 5.e4 Nxc3 6.bxc3 Bg7 7.Bc4
O-O 8.Ne2 Nc6 9.Be3 b6 10.O-O Bb7 11.Qd2 Qd6 12.Ng3 e6 13.Bh6
Na5 14.Be2 f5 15.e5 Qd7 16.Bf4 Bd5 17.Rfd1 Nc4 18.Bxc4 Bxc4 19.h4
Rf7 20.h5 Qd5 21.hxg6 hxg6 22.Bh6 Kh7 23.Bg5 Raf8 24.Qf4 Rh8
25.f3 Rd7 26.Kf2 Kg8 27.Rh1 Qb5 28.Rhb1 Qd5 29.a4 a5 30.Rh1 Qc6
31.Qe3 Rxh1 32.Nxh1 Ba6 33.Kg3 Qe4 34.Nf2 c5 0-1

[Event "DRUGA LIGA CENTRALNE SRBIJE 2012 - Istok"]
[Site "Pozarevac, Hotel DUNAV"]
[Date "2012.09.15"]
[Round "3.56"]
[White "Velikic, Vule"]
[Black "Njegic, Vladimir"]
[Result "1/2-1/2"]
[WhiteElo "1807"]
[BlackElo "2103"]
[PlyCount "0"]
[EventDate "2012.09.14"]

1.d4 Nf6 2.Nf3 e6 3.Bg5 Be7 4.e3 d5 5.Nbd2 Nbd7 6.Bd3 O-O 7.O-O
c5 8.c4 b6 9.Rc1 Bb7 10.Qe2 Ne4 11.Bxe7 Qxe7 12.cxd5 exd5 13.Ba6
Rab8 14.Bxb7 Rxb7 15.Qa6 Rc7 16.Qa3 Rfc8 17.Rc2 h6 18.Rfc1 Qe6
19.dxc5 bxc5 20.Nd4 Qb6 21.Nf5 Ndf6 22.Nb3 g6 23.Nh4 c4 24.Nd4
Rc5 25.b4 cxb3 26.axb3 Rxc2 27.Rxc2 Rxc2 28.Nxc2 Qb5 29.Nd4 Qd3
30.Qc1 Nd2 31.b4 Nfe4 32.Nxg6 Nc3 33.Nf4 Qa6 34.f3 Ndb1 35.Kf2
Qc4 36.Qc2 Qxb4 37.Nf5 Qc4 38.Ke1 Kf8 39.Nxh6 1/2-1/2

[Event "DRUGA LIGA CENTRALNE SRBIJE 2012 - Istok"]
[Site "Pozarevac, Hotel DUNAV"]
[Date "2012.09.15"]
[Round "3.57"]
[White "Kostic, Tomislav **"]
[Black "Milutinovic, Bojan"]
[Result "1-0"]
[WhiteElo "1876"]
[BlackElo "1813"]
[PlyCount "0"]
[EventDate "2012.09.14"]

1.e4 c5 2.Nf3 d6 3.d4 cxd4 4.Nxd4 Nf6 5.Nc3 g6 6.Be3 Bg7 7.f3
O-O 8.Qd2 Nc6 9.O-O-O Nxd4 10.Bxd4 Be6 11.Kb1 Qc7 12.h4 Rfc8
13.g4 Qa5 14.g5 Rxc3 15.Qxc3 Qxa2+ 16.Kc1 Bg4 17.Bxf6 Rc8 18.Qe3
exf6 19.fxg4 Qa1+ 20.Kd2 Qxb2 21.Bd3 Qc3+ 22.Ke2 f5 23.exf5 Qc6
24.Be4 Qb5+ 25.Kf2 Be5 26.fxg6 hxg6 27.h5 Rc3 28.Bd3 Qd7 29.Qe4 1-0

[Event "DRUGA LIGA CENTRALNE SRBIJE 2012 - Istok"]
[Site "Pozarevac, Hotel DUNAV"]
[Date "2012.09.15"]
[Round "3.58"]
[White "Petrovic, Petar **"]
[Black "Milosevic, Jovana **"]
[Result "0-1"]
[WhiteElo "1631"]
[BlackElo "1787"]
[PlyCount "0"]
[EventDate "2012.09.14"]

1.e4 c5 2.Nf3 d6 3.d4 cxd4 4.Nxd4 Nf6 5.Nc3 a6 6.h3 e6 7.Be3
Be7 8.Be2 b5 9.a3 Bb7 10.f3 Nbd7 11.O-O O-O 12.Qd2 Qc7 13.Nd1
d5 14.exd5 Nxd5 15.Bf2 N7b6 16.Ne3 Nf4 17.Rfd1 Nxe2+ 18.Nxe2
Rfd8 19.Qe1 Bf6 20.c3 Nd5 21.Nxd5 Bxd5 22.Bg3 e5 23.Qf2 Be7 24.Kh1
Bb3 25.Rxd8+ Rxd8 26.Qe3 f6 27.f4 Bc5 28.Qe4 Bd5 29.Qf5 Qc6 30.fxe5
Bxg2+ 31.Kh2 Be4 32.Qf4 fxe5 33.Qg5 Qf6 34.Qxf6 gxf6 35.Be1 Kf7
36.Ng3 Bf3 37.Nf1 Rg8 38.Bg3 Bf2 39.h4 e4 40.Kh3 Bxg3 41.Nxg3
Ke6 42.Re1 Ke5 43.h5 f5 44.Rf1 f4 45.Rxf3 exf3 46.Nf1 Ke4 47.Nd2+
Ke3 0-1